| 000 | 00884cam a2200289 i 4500 | ||
|---|---|---|---|
| 001 | 200447025 | ||
| 999 |
_c200447025 _d65237 |
||
| 003 | TR-AnTOB | ||
| 005 | 20240911104412.0 | ||
| 007 | ta | ||
| 008 | 040414s2002 tu f000 0 tur d | ||
| 040 |
_aTR-AnTOB _beng _erda _cTR-AnTOB _dTR-AnTOB |
||
| 041 | 0 | _atur | |
| 050 | 4 |
_bKKX3138 _a.M47 2002 |
|
| 090 |
_aKKX3138 _b.M47 2002 |
||
| 245 | _aMesleki ve teknik eğitim yönetmeliği. | ||
| 264 | 1 |
_aAnkara : _bMilli Eğitim Bakanlığı, _c2002 |
|
| 300 |
_a117 pages ; _c24 cm |
||
| 336 |
_2rdacontent _atext _btxt |
||
| 337 |
_2rdamedia _aunmediated _bn |
||
| 338 |
_2rdacarrier _avolume _bnc |
||
| 650 | 0 |
_aEğitim hukuku ve mevzuatı _zTürkiye _967511 |
|
| 653 | _aMesleki eğitim (iş eğitimi)-Yönetmelikler | ||
| 710 | 1 |
_aTurkey. _bMillî Eğitim Bakanlığı _969158 |
|
| 942 |
_2lcc _cBK |
||